[Event "Amsterdam"]
[Site "?"]
[Date "1988.??.??"]
[Round "?"]
[White "Karpov, A."]
[Black "van der Wiel, J."]
[Result "1-0"]
[WhiteElo "2715"]
[BlackElo "2555"]
[PlyCount "123"]
[EventDate "1988.??.??"]
[Source "ChessBase"]
[SourceDate "1988.01.01"]

1. d4 Nf6 2. c4 g6 3. Nf3 Bg7 4. g3 O-O 5. Bg2 c6 6. Nc3 d6 7. O-O Qa5 8. h3 Be6 9. Qd3 Qa6 10. b3 d5 11. Ne5 Nbd7 12. cxd5 Qxd3 13. Nxd3 Nxd5 14. Bb2 Nxc3 15. Bxc3 c5 16. d5 Bxd5 17. Bxd5 Bxc3 18. Rac1 Bf6 19. Bxb7 Rab8 20. Bc6 Ne5 21. Nxe5 Bxe5 22. Rxc5 Bd4 23. Rc4 Rfd8 24. b4 Be5 25. Re4 Bf6 26. Rc1 Rd4 27. Rxd4 Bxd4 28. Rc4 Be5 29. Re4 Bd6 30. b5 Bc5 31. a4 Rd8 32. a5 Rd1+ 33. Kg2 Ra1 34. Rc4 Bd6 35. a6 Kg7 36. g4 h6 37. Be8 Ra3 38. h4 Kf8 39. Rc8 Kg7 40. e3 Rb3 41. Kf3 f5 42. g5 Rb2 43. Kg2 hxg5 44. hxg5 Ra2 45. Kf1 Rb2 46. Kg1 Ra2 47. Kg2 Rb2 48. Kf1 Ra2 49. Rc6 Kh7 50. Ke1 Bb4+ 51. Kd1 Rxf2 52. b6 axb6 53. a7 Rd2+ 54. Kc1 Ra2 55. Rc4 Bd2+ 56. Kd1 b5 57. Rc2 Rxa7 58. Kxd2 b4 59. Rc6 Ra2+ 60. Kd3 Ra3+ 61. Ke2 b3 62. Bxg6+ 1-0

[Event "Groningen"]
[Site "Groningen"]
[Date "1992.??.??"]
[Round "3"]
[White "Jussupow, Artur"]
[Black "Piket, Jeroen"]
[Result "1/2-1/2"]
[WhiteElo "2640"]
[BlackElo "2625"]
[PlyCount "76"]
[EventDate "1992.12.??"]
[Source "ChessBase"]

1. d4 Nf6 2. c4 g6 3. Nf3 Bg7 4. g3 O-O 5. Bg2 c6 6. Nc3 d6 7. O-O Qa5 8. e4 Bg4 9. h3 Bxf3 10. Bxf3 Nfd7 11. Be3 a6 12. a3 c5 13. e5 cxd4 14. Bxd4 dxe5 15. Be3 Qc7 16. Nd5 Qd8 17. Nb6 Nxb6 18. Qxd8 Rxd8 19. Bxb6 Rd7 20. Rad1 e4 21. Bxe4 Bxb2 22. a4 a5 23. Be3 Ba3 24. c5 Rxd1 25. Rxd1 Nc6 26. Rd7 Rc8 27. Rxb7 Ne5 28. Rxe7 Nc4 29. Bh6 Bxc5 30. Rd7 Nb6 31. Rb7 Bd4 32. g4 Nxa4 33. Bd5 Kh8 34. Bxf7 Nc5 35. Ra7 Ne4 36. Rb7 Bxf2+ 37. Kg2 Bd4 38. Be6 Rd8 1/2-1/2

[Event "Copenhagen op 17th"]
[Site "Copenhagen"]
[Date "1995.??.??"]
[Round "6"]
[White "Hansen, Lars Bo"]
[Black "Glek, Igor V"]
[Result "1/2-1/2"]
[WhiteElo "2580"]
[BlackElo "2590"]
[PlyCount "57"]
[EventDate "1995.06.??"]
[Source "ChessBase"]

1. d4 Nf6 2. Nf3 g6 3. c4 Bg7 4. g3 O-O 5. Bg2 c6 6. Nc3 d6 7. O-O Qa5 8. Qd2 Nbd7 9. b3 Re8 10. Bb2 a6 11. Rfd1 b5 12. c5 dxc5 13. dxc5 Nxc5 14. Ne5 Bb7 15. Qe3 Ne6 16. Bxc6 Ng4 17. Nxg4 Bxc6 18. Ne5 Rac8 19. Nxc6 Rxc6 20. Rac1 b4 21. Nd5 Rxc1 22. Qxc1 Qxa2 23. Qc6 Kf8 24. Bxg7+ Nxg7 25. Qc4 a5 26. Nc7 Rb8 27. Na6 Re8 28. Nc7 Rb8 29. Na6 1/2-1/2

[Event "Pozega"]
[Site "Pozega"]
[Date "2000.??.??"]
[Round "5"]
[White "Horvath, Jozsef"]
[Black "Kozul, Zdenko"]
[Result "1/2-1/2"]
[WhiteElo "2557"]
[BlackElo "2597"]
[PlyCount "86"]
[EventDate "2000.??.??"]
[Source "www.chesslib.no"]
[SourceDate "2004.05.04"]

1. d4 Nf6 2. Nf3 g6 3. c4 Bg7 4. g3 O-O 5. Bg2 c6 6. Nc3 d6 7. O-O Qa5 8. e4 Qh5 9. e5 dxe5 10. Nxe5 Ng4 11. Nf3 Nh6 12. Re1 Bg4 13. Bxh6 Qxh6 14. Rxe7 Nd7 15. Qc1 Qxc1+ 16. Rxc1 Rfd8 17. Rd1 Kf8 18. Re4 f5 19. Ree1 Nb6 20. b3 Bxf3 21. Bxf3 Rxd4 22. Ne2 Rxd1 23. Rxd1 Ke7 24. Nf4 Nd7 25. h4 a5 26. Re1+ Kf7 27. Nd3 Bd4 28. Kf1 Kf6 29. h5 Nf8 30. hxg6 hxg6 31. Rd1 Re8 32. a3 Ne6 33. b4 axb4 34. axb4 Ng5 35. Bg2 Ne4 36. c5 Ra8 37. Nf4 Ra1 38. Rxa1 Bxa1 39. Ke2 Bc3 40. b5 Bd4 41. bxc6 bxc6 42. Nd3 Ke7 43. g4 Nxc5 1/2-1/2

[Event "Bor"]
[Site "?"]
[Date "1986.??.??"]
[Round "?"]
[White "Nikolic, P."]
[Black "Barlov, D."]
[Result "1-0"]
[WhiteElo "2600"]
[BlackElo "2550"]
[PlyCount "85"]
[EventDate "1986.??.??"]
[Source "ChessBase"]
[SourceDate "1986.07.01"]

1. Nf3 Nf6 2. c4 g6 3. d4 Bg7 4. g3 O-O 5. Bg2 d6 6. O-O c6 7. Nc3 Qa5 8. e4 Bg4 9. h3 Bxf3 10. Qxf3 Nfd7 11. Rd1 a6 12. Be3 b5 13. Qe2 Nb6 14. c5 dxc5 15. dxc5 Nc4 16. Bd4 Bxd4 17. Rxd4 Qb4 18. e5 Qxc5 19. Rad1 Qxe5 20. Qxe5 Nxe5 21. Re4 Ned7 22. Rxe7 Nf6 23. Rc7 Kg7 24. Kf1 Re8 25. a3 h6 26. Rd6 Rf8 27. Rd4 Re8 28. Bf3 Rf8 29. h4 Re8 30. Ne4 Nxe4 31. Rxe4 Rf8 32. Ree7 a5 33. Rb7 Ra6 34. Rec7 Kf6 35. Bg4 Ke5 36. Rxf7 Rxf7 37. Rxf7 c5 38. Rb7 Nc6 39. Rxb5 Kd4 40. Be2 Ra7 41. Rb6 Ne7 42. h5 gxh5 43. Rxh6 1-0

[Event "JUG-ch"]
[Site "Novi Sad"]
[Date "1995.??.??"]
[Round "?"]
[White "Ilincic, Zlatko"]
[Black "Damljanovic, Branko"]
[Result "0-1"]
[WhiteElo "2565"]
[BlackElo "2575"]
[PlyCount "116"]
[EventDate "1995.02.??"]
[Source "ChessBase"]

1. d4 Nf6 2. c4 g6 3. g3 Bg7 4. Bg2 O-O 5. Nc3 d6 6. Nf3 c6 7. O-O Qa5 8. h3 Be6 9. Qd3 Qa6 10. b3 d5 11. Ne5 Rd8 12. Rd1 dxc4 13. Nxc4 Nd5 14. Ne4 Bf5 15. Bb2 Nd7 16. Qd2 b5 17. Na5 Bxe4 18. Bxe4 e6 19. b4 Rac8 20. Rac1 c5 21. Bxd5 exd5 22. bxc5 Nxc5 23. Rxc5 Rxc5 24. dxc5 Bxb2 25. e4 Ba3 26. Nb3 d4 27. Qc2 Qf6 28. c6 d3 29. c7 Rc8 30. Qxd3 Rxc7 31. Qxb5 Rc2 32. Rd2 Rxd2 33. Nxd2 Qa1+ 34. Qb1 Qc3 35. Nb3 a5 36. Qa1 Bb2 37. Qd1 a4 38. Nd2 Qd3 39. Qxa4 Qxd2 40. Qb3 Bd4 41. Qf3 Qxa2 42. Kg2 Qd2 43. h4 h5 44. Kf1 Qc3 45. Qe2 Kf8 46. Kg2 Ke7 47. Kf1 Qb2 48. Qf3 Ke6 49. Kg2 f6 50. Kf1 Kd6 51. Kg2 Kc5 52. Qf4 Kc4 53. Kf1 Qb1+ 54. Kg2 Qe1 55. Qf3 Qd2 56. Kg1 Qd3 57. Qf4 Kb3 58. Kg2 Be5 0-1

[Event "Moscow"]
[Site "?"]
[Date "1994.??.??"]
[Round "3"]
[White "Loginov, Valery A"]
[Black "Illescas Cordoba, Miguel"]
[Result "1/2-1/2"]
[WhiteElo "2540"]
[BlackElo "2590"]
[PlyCount "23"]
[EventDate "1994.??.??"]
[Source "www.chesslib.no"]
[SourceDate "2004.05.04"]

1. Nf3 Nf6 2. g3 g6 3. c4 Bg7 4. Bg2 O-O 5. d4 c6 6. O-O d6 7. Nc3 Qa5 8. h3 Qa6 9. b3 b5 10. cxb5 cxb5 11. Qd3 b4 12. Ne1 1/2-1/2

[Event "Pula op 13th"]
[Site "Pula"]
[Date "1999.06.01"]
[Round "4"]
[White "Burmakin, Vladimir"]
[Black "Kozul, Zdenko"]
[Result "0-1"]
[WhiteElo "2534"]
[BlackElo "2585"]
[PlyCount "112"]
[EventDate "1999.05.??"]
[Source "www.chesslib.no"]
[SourceDate "2004.05.04"]

1. d4 Nf6 2. c4 g6 3. g3 Bg7 4. Bg2 O-O 5. Nc3 d6 6. Nf3 c6 7. O-O Qa5 8. e4 Bg4 9. h3 Bxf3 10. Bxf3 Nfd7 11. Be3 Qb4 12. Qb3 Qxb3 13. axb3 Na6 14. Rfd1 Rfd8 15. Ra5 Nc7 16. Rda1 a6 17. b4 Rab8 18. b5 c5 19. dxc5 Nxc5 20. b6 N7e6 21. R5a3 Nd4 22. Bd1 Nd7 23. Na4 Rbc8 24. Rc1 Nc5 25. f3 Rc6 26. b4 Nxa4 27. Bxa4 Rxb6 28. Rd1 e5 29. Bxd4 exd4 30. b5 Rc8 31. Rb3 g5 32. Kf1 h6 33. Rc1 Be5 34. g4 d3 35. Rd1 a5 36. Rbxd3 Rxc4 37. Ra3 Kg7 38. Ke2 Kf6 39. Rd5 Rb4 40. Rdd3 Rb2+ 41. Rd2 Rb4 42. Rd5 Kg6 43. Rdd3 h5 44. Ra2 h4 45. Rd5 Kf6 46. Ra3 Ke7 47. Ra2 f6 48. Rd3 Rxa4 49. Rxa4 Rxb5 50. Rd5 Rb2+ 51. Rd2 Rxd2+ 52. Kxd2 b6 53. Kd3 Kd7 54. Rc4 b5 55. Rc1 a4 56. Rc2 a3 0-1

[Event "Lippstadt"]
[Site "Lippstadt"]
[Date "1999.07.25"]
[Round "4"]
[White "Romanishin, Oleg M"]
[Black "Slobodjan, Roman"]
[Result "1/2-1/2"]
[WhiteElo "2567"]
[BlackElo "2550"]
[PlyCount "42"]
[EventDate "1999.07.22"]
[Source "ChessBase"]
[SourceDate "1999.10.01"]

1. d4 Nf6 2. Nf3 g6 3. g3 Bg7 4. Bg2 O-O 5. c4 c6 6. Nc3 d6 7. O-O Qa5 8. h3 Nbd7 9. Bd2 Qa6 10. b3 b5 11. cxb5 cxb5 12. a4 bxa4 13. Rxa4 Qb6 14. Ne5 Bb7 15. Nxd7 Nxd7 16. Nd5 Bxd5 17. Bxd5 Rab8 18. e3 Nf6 19. Bg2 Qxb3 20. Qxb3 Rxb3 21. Rxa7 e6 1/2-1/2

[Event "CRO-ch playoff"]
[Site "Slavonski Brod"]
[Date "1995.??.??"]
[Round "1"]
[White "Dizdar, Goran"]
[Black "Kozul, Zdenko"]
[Result "1-0"]
[WhiteElo "2535"]
[BlackElo "2580"]
[PlyCount "87"]
[EventDate "1995.02.??"]
[Source "ChessBase"]

1. Nf3 g6 2. d4 Nf6 3. g3 Bg7 4. Bg2 O-O 5. c4 c6 6. O-O d6 7. Nc3 Qa5 8. e4 Bg4 9. h3 Bxf3 10. Bxf3 Nfd7 11. Be3 a6 12. a3 c5 13. e5 Nc6 14. Bxc6 bxc6 15. exd6 exd6 16. dxc5 Ne5 17. Qe2 dxc5 18. Ne4 Rfb8 19. Rab1 Nd7 20. Rfd1 Ra7 21. Bd2 Qb6 22. Bf4 Rba8 23. Be3 a5 24. Rd2 Re8 25. Nd6 Rb8 26. Rbd1 Nf8 27. Ne4 Ne6 28. Nxc5 Nxc5 29. b4 axb4 30. axb4 Re7 31. bxc5 Qa6 32. Rd8+ Re8 33. R8d7 h5 34. Qf3 Qxc4 35. Qxc6 Qc2 36. Qd5 Re6 37. Rc1 Rb1 38. Rxb1 Qxb1+ 39. Kg2 Qc2 40. Qa8+ Kh7 41. Rxf7 Rxe3 42. Qf8 Rxg3+ 43. Kxg3 h4+ 44. Kh2 1-0

[Event "JUG-chT"]
[Site "Novi Sad"]
[Date "2000.08.25"]
[Round "2"]
[White "Neverov, Valeriy"]
[Black "Damljanovic, Branko"]
[Result "1-0"]
[WhiteElo "2547"]
[BlackElo "2559"]
[PlyCount "77"]
[EventDate "2000.08.24"]
[Source "www.chesslib.no"]
[SourceDate "2004.05.04"]

1. d4 Nf6 2. c4 g6 3. Nf3 Bg7 4. g3 O-O 5. Bg2 d6 6. O-O c6 7. Nc3 Qa5 8. e4 e5 9. h3 exd4 10. Nxd4 Qc5 11. Nb3 Qb4 12. Nd2 Be6 13. a3 Qb6 14. b4 Nbd7 15. Bb2 Rad8 16. Qc2 Ne5 17. Na4 Qc7 18. f4 Nxc4 19. Nxc4 Bxc4 20. Qxc4 b5 21. Qc2 bxa4 22. Rac1 Rc8 23. e5 dxe5 24. Bxe5 Qb6+ 25. Kh2 Nh5 26. Bd6 Rfd8 27. Bc5 Qa6 28. Rfd1 Bf8 29. Bf2 Rxd1 30. Qxd1 Re8 31. Rxc6 Qb5 32. Rc2 Qf5 33. Re2 Rxe2 34. Qxe2 a5 35. b5 Bc5 36. Bxc5 Qxc5 37. Qe8+ Kg7 38. Qe5+ Qxe5 39. fxe5 1-0

[Event "CRO-Cup"]
[Site "Pula CRO"]
[Date "1994.??.??"]
[Round "4"]
[White "Hulak, Krunoslav"]
[Black "Kozul, Zdenko"]
[Result "0-1"]
[WhiteElo "2530"]
[BlackElo "2575"]
[PlyCount "82"]
[EventDate "1994.??.??"]
[Source "www.chesslib.no"]
[SourceDate "2004.05.04"]

1. d4 Nf6 2. c4 g6 3. g3 Bg7 4. Bg2 O-O 5. Nc3 d6 6. Nf3 c6 7. O-O Qa5 8. e4 Bg4 9. h3 Bxf3 10. Bxf3 Nfd7 11. Be3 a6 12. a3 c5 13. b4 Qd8 14. Rc1 cxd4 15. Bxd4 Bxd4 16. Qxd4 Nc6 17. Qd2 a5 18. Nd5 axb4 19. axb4 e6 20. Ne3 Qb6 21. Rb1 Nce5 22. Bg2 Ra3 23. Rfd1 Rd3 24. Qe2 Rxd1+ 25. Qxd1 Rc8 26. Qb3 h5 27. Kh2 h4 28. gxh4 Qd8 29. f4 Nc6 30. Qd1 Qxh4 31. Qxd6 Nf6 32. b5 Rd8 33. Qc7 Rd7 34. Qc8+ Nd8 35. Rf1 Rd2 36. Kg1 Qg3 37. Rf3 Qe1+ 38. Bf1 Nxe4 39. Ng2 Qa1 40. Qc7 Qd4+ 41. Kh2 Rd1 0-1

[Event "VBA Open"]
[Site "Leeuwarden VBA op"]
[Date "1993.??.??"]
[Round "5"]
[White "Piket, Jeroen"]
[Black "Huzman, Alexander"]
[Result "1/2-1/2"]
[WhiteElo "2590"]
[BlackElo "2510"]
[PlyCount "30"]
[EventDate "1993.??.??"]
[Source "www.chesslib.no"]
[SourceDate "2004.05.04"]

1. d4 Nf6 2. Nf3 g6 3. g3 Bg7 4. Bg2 O-O 5. O-O c6 6. c4 d6 7. Nc3 Qa5 8. e4 Bg4 9. h3 Bxf3 10. Bxf3 Nfd7 11. Be3 Qb4 12. Be2 Qxb2 13. Na4 Qa3 14. Bc1 Qb4 15. Bd2 Qa3 1/2-1/2

[Event "Beograd"]
[Site "?"]
[Date "2000.??.??"]
[Round "?"]
[White "Ilincic, Z."]
[Black "Ivanisevic, I."]
[Result "1-0"]
[WhiteElo "2560"]
[BlackElo "2530"]
[PlyCount "107"]
[EventDate "2000.??.??"]
[Source "Chess Informant"]
[SourceDate "2000.10.01"]

1. d4 Nf6 2. c4 g6 3. g3 Bg7 4. Bg2 O-O 5. Nc3 d6 6. Nf3 c6 7. O-O Qa5 8. h3 e5 9. e4 exd4 10. Nxd4 Qc5 11. Nde2 Qxc4 12. Qxd6 Na6 13. Be3 Ne8 14. Qd2 f5 15. b3 Qb4 16. Rad1 fxe4 17. Nxe4 Qxd2 18. Rxd2 Bf5 19. Rfd1 Be5 20. Nc5 Nxc5 21. Bxc5 Rf6 22. Rd8 Rxd8 23. Rxd8 Kf7 24. Bxa7 Rd6 25. Rxd6 Nxd6 26. Bd4 Kf6 27. f4 Bxd4+ 28. Nxd4 Bb1 29. a4 Ne4 30. g4 Ke7 31. Bf1 Nd2 32. b4 Kd6 33. Bg2 Be4 34. Ne2 Bxg2 35. Kxg2 Kd5 36. Kg3 Ne4+ 37. Kf3 Nd2+ 38. Ke3 Nc4+ 39. Kf3 Nb2 40. a5 Nd3 41. Nc3+ Kd4 42. b5 Nb4 43. Na2 Nd5 44. bxc6 bxc6 45. a6 c5 46. a7 Nb6 47. f5 gxf5 48. gxf5 Ke5 49. Kg4 h6 50. Nc3 Na8 51. Kh5 Kxf5 52. Kxh6 Ke5 53. Kg6 Kd4 54. Na4 1-0

[Event "SUI-chT"]
[Site "SUI"]
[Date "2000.??.??"]
[Round "?"]
[White "Jussupow, Artur"]
[Black "Forster, Richard"]
[Result "1/2-1/2"]
[WhiteElo "2628"]
[BlackElo "2462"]
[PlyCount "87"]
[EventDate "2000.??.??"]
[Source "www.chesslib.no"]
[SourceDate "2004.05.04"]

1. d4 Nf6 2. c4 g6 3. g3 Bg7 4. Bg2 O-O 5. Nc3 d6 6. Nf3 c6 7. O-O Qa5 8. e4 e5 9. h3 exd4 10. Nxd4 Nbd7 11. Nde2 Re8 12. Qxd6 Nc5 13. Qf4 Be6 14. Qh4 Bxc4 15. e5 Bxe2 16. exf6 Bxf1 17. Bxf1 Re1 18. Kg2 Nb3 19. Bh6 Nxa1 20. Bxg7 Rd8 21. Bc4 Qf5 22. Bh6 Nc2 23. Bg5 Nd4 24. Bxf7+ Kh8 25. Qf4 Qxg5 26. Qxg5 Rg1+ 27. Kxg1 Nf3+ 28. Kg2 Nxg5 29. Bb3 h5 30. h4 Nh7 31. Ne4 Rf8 32. f7 Kg7 33. Nc5 Rc8 34. Nxb7 Nf8 35. Kf3 Kf6 36. Nc5 Rd8 37. Ke3 Kg7 38. f3 Rd6 39. g4 hxg4 40. fxg4 Rf6 41. Bc4 Rd6 42. Bb3 Rf6 43. Bc4 Rd6 44. Bb3 1/2-1/2

[Event "Baden-Baden"]
[Site "Baden-Baden"]
[Date "1985.??.??"]
[Round "4"]
[White "Smejkal, Jan"]
[Black "Ermenkov, Evgenij"]
[Result "1-0"]
[WhiteElo "2565"]
[BlackElo "2520"]
[PlyCount "85"]
[EventDate "1985.07.??"]
[Source "ChessBase"]

1. Nf3 Nf6 2. c4 g6 3. d4 Bg7 4. g3 O-O 5. Bg2 c6 6. Nc3 d6 7. O-O Qa5 8. h3 Qa6 9. Qb3 Nbd7 10. e4 e5 11. Rd1 Re8 12. Be3 h6 13. Rac1 g5 14. dxe5 dxe5 15. Nd2 Bf8 16. Na4 b6 17. a3 Nh5 18. Qc2 Nf4 19. gxf4 gxf4 20. Nf1 fxe3 21. Nxe3 Nc5 22. Nxc5 Bxc5 23. Nf5 Bxf5 24. exf5 e4 25. Bxe4 Qc8 26. b4 Be7 27. Kh1 Bg5 28. Rg1 Qc7 29. Rg4 Kf8 30. Rcg1 Rad8 31. Qc3 f6 32. h4 Qf7 33. R1g3 Rd1+ 34. Kg2 Rc1 35. Qd4 h5 36. Rxg5 fxg5 37. Rxg5 Rxc4 38. Qd6+ Re7 39. Qh6+ Ke8 40. Bxc6+ Kd8 41. Qd6+ Kc8 42. Bd5 Rd4 43. Qc6+ 1-0

[Event "JUG-ch 56th"]
[Site "Herceg Novi"]
[Date "2001.03.29"]
[Round "6"]
[White "Tosic, Miroslav"]
[Black "Ivanisevic, Ivan"]
[Result "1/2-1/2"]
[WhiteElo "2519"]
[BlackElo "2560"]
[PlyCount "231"]
[EventDate "2001.03.23"]
[Source "ChessBase"]
[SourceDate "2001.07.05"]

1. Nf3 Nf6 2. g3 g6 3. Bg2 Bg7 4. O-O O-O 5. c4 c6 6. d4 d6 7. Nc3 Qa5 8. Qd2 Qa6 9. b3 b5 10. cxb5 cxb5 11. a4 bxa4 12. Ne5 Bb7 13. Rxa4 Qb6 14. Nc4 Qc7 15. e4 Bc6 16. Ra3 Nxe4 17. Nxe4 d5 18. Nc3 dxc4 19. d5 Bb7 20. Bb2 Nd7 21. Nb5 Qc5 22. Bxg7 Kxg7 23. bxc4 Nf6 24. Ra4 e6 25. Rb1 Rfb8 26. Qd4 Qxd4 27. Nxd4 Bc8 28. Rba1 exd5 29. cxd5 Rb2 30. Nc6 Bb7 31. h3 Re8 32. Rxa7 Ree2 33. Rf1 Red2 34. Nd8 Bxd5 35. Bxd5 Nxd5 36. Rxf7+ Kg8 37. Rd7 Nc3 38. Rxd2 Rxd2 39. Ne6 Ne4 40. h4 Kf7 41. Nf4 Ra2 42. Nh3 h6 43. Re1 Nc5 44. Kg2 Ne6 45. Ng1 g5 46. Nf3 Kf6 47. Re4 Ra5 48. Rb4 Rd5 49. Rb6 Kf5 50. h5 Rd8 51. Nh2 Rh8 52. Nf1 Ng7 53. Ne3+ Ke4 54. Ng4 Nxh5 55. Nxh6 Rf8 56. Re6+ Kd4 57. Ng4 Rf5 58. Rg6 Ke4 59. Re6+ Kd4 60. Kh3 Rf3 61. Kg2 Rf5 62. Re7 Rf8 63. Re5 Rg8 64. Ra5 Ke4 65. Nh6 Rg7 66. Nf5 Rg6 67. f3+ Kd3 68. Rd5+ Ke2 69. Ne7 Rg7 70. Re5+ Kd3 71. Re6 Rf7 72. Nd5 Kd4 73. Ne3 Nf6 74. g4 Kd3 75. Kf2 Kd4 76. Ke2 Rf8 77. Ra6 Re8 78. Kf2 Rf8 79. Nf5+ Ke5 80. Ra5+ Ke6 81. Nd4+ Ke7 82. Kg3 Rg8 83. Ra7+ Kd6 84. Nf5+ Ke6 85. Ra6+ Ke5 86. Ne7 Rg7 87. Nc6+ Ke6 88. Nd8+ Ke7 89. Ne6 Rg6 90. Nc5 Rg8 91. Ra7+ Kd6 92. Nd3 Nd7 93. Ra5 Ke6 94. Rf5 Nf6 95. Nc5+ Ke7 96. Re5+ Kf7 97. Nb7 Nd7 98. Nd6+ Kf6 99. Rf5+ Kg6 100. Ne4 Kh6 101. Rd5 Nf8 102. Nd6 Kg6 103. Nf5 Kf6 104. Rd6+ Ke5 105. Ra6 Ng6 106. Nh6 Rg7 107. Ra5+ Kf6 108. Rf5+ Ke6 109. Rxg5 Kf6 110. Rf5+ Ke6 111. Rg5 Kf6 112. f4 Ra7 113. Rf5+ Kg7 114. g5 Ra4 115. Rf6 Ra3+ 116. Kg4 1/2-1/2

[Event "Belgrade Trako"]
[Site "Belgrade"]
[Date "1995.??.??"]
[Round "1"]
[White "Badea, Bela"]
[Black "Damljanovic, Branko"]
[Result "1/2-1/2"]
[WhiteElo "2490"]
[BlackElo "2575"]
[PlyCount "39"]
[EventDate "1995.03.??"]
[Source "ChessBase"]

1. c4 Nf6 2. Nc3 g6 3. Nf3 Bg7 4. g3 O-O 5. Bg2 d6 6. d4 c6 7. O-O Qa5 8. e4 Bg4 9. h3 Bxf3 10. Bxf3 e5 11. Be3 Nbd7 12. a3 exd4 13. Bxd4 Rfe8 14. Bg2 Qa6 15. b3 Rad8 16. Qc2 Nf8 17. Rfd1 Nh5 18. Be3 Be5 19. Ra2 Qa5 20. Ne2 1/2-1/2

[Event "Bucuresti"]
[Site "?"]
[Date "1996.??.??"]
[Round "?"]
[White "Marin, Mihail"]
[Black "Badea, B."]
[Result "1/2-1/2"]
[WhiteElo "2545"]
[BlackElo "2520"]
[PlyCount "82"]
[EventDate "1996.??.??"]
[Source "ChessBase"]
[SourceDate "1996.02.01"]

1. d4 Nf6 2. Nf3 g6 3. g3 Bg7 4. Bg2 O-O 5. O-O d6 6. c4 c6 7. Nc3 Qa5 8. e4 Bg4 9. h3 Bxf3 10. Qxf3 e5 11. d5 cxd5 12. cxd5 Nbd7 13. Qe2 a6 14. Bd2 Rfc8 15. Rfc1 Qd8 16. b3 Rc7 17. Nd1 Rxc1 18. Rxc1 Rc8 19. Nb2 Rxc1+ 20. Bxc1 Bf8 21. Bd2 Be7 22. b4 Ne8 23. a4 Bg5 24. Bc3 Bh6 25. h4 Ng7 26. a5 Ne8 27. Nc4 Bf8 28. Bh3 Nc7 29. Bb2 Nf6 30. Qc2 h5 31. Nb6 Qe7 32. Nc8 Qd8 33. Nb6 Qe7 34. Qd3 Bh6 35. Nc4 Nb5 36. Kg2 Ne8 37. Nd2 Nf6 38. Nf3 Qc7 39. Ng5 Nh7 40. f4 exf4 41. gxf4 Nxg5 1/2-1/2

[Event "55. ch-GRE"]
[Site "?"]
[Date "2005.11.24"]
[Round "9"]
[White "Mastrovasilis Athanasios"]
[Black "Banikas Hristos"]
[Result "1/2-1/2"]
[WhiteElo "2496"]
[BlackElo "2566"]
[PlyCount "36"]
[EventDate "2005.??.??"]
[Source "www.chesslib.no"]
[SourceDate "2004.05.04"]

1. Nf3 Nf6 2. c4 g6 3. Nc3 Bg7 4. g3 O-O 5. Bg2 c6 6. d4 d6 7. h3 Qa5 8. Bd2 Nbd7 9. Qc2 Qa6 10. b3 b5 11. cxb5 cxb5 12. a4 Rb8 13. O-O bxa4 14. Rxa4 Qb6 15. b4 Bb7 16. Qd3 Rfc8 17. Rfa1 e5 18. dxe5 dxe5 1/2-1/2

[Event "Zhukov mem"]
[Site "Spasskoe"]
[Date "1996.??.??"]
[Round "5"]
[White "Kharitonov, Andrei Y"]
[Black "Komliakov, Viktor"]
[Result "1/2-1/2"]
[WhiteElo "2560"]
[BlackElo "2500"]
[PlyCount "23"]
[EventDate "1996.??.??"]
[Source "www.chesslib.no"]
[SourceDate "2004.05.04"]

1. d4 d6 2. Nf3 Nf6 3. c4 g6 4. g3 c6 5. Nc3 Bg7 6. Bg2 Qa5 7. Bd2 O-O 8. Nd5 Qd8 9. Nxf6+ Bxf6 10. Bc3 Be6 11. b3 d5 12. cxd5 1/2-1/2